01044nmm a22002534a 4500003000900000005001700009008004100026020001800067041000800085100004200093245013100135260004100266300001800307490002100325520019600346650001900542650002200561650001600583650001700599650002400616700002200640700002300662856010500685BOLpUSFA20201007185420.0 t bo gq d z spa u a9789942113931 aspa aGamucio, María Elena  aProtocolo de diagnóstico e intervención psicopedagógica : bdiagnóstico rápido 11-18 añosh[recurso electrónico] sas.l.: bClínica Ambiental, c2012. a54 p. : bil. aGuía ; vNo. 3 aLa adolescencia es una construcción social, por ello, la forma como se la comprende ha cambiado considerablemente con el transcurso de los años y varía también de una región a otra. aDiagnóstico  aPsicopedagógico aEducación aAdolescencia aHistoria clínica  aSolíz, Fernanda aValverde, Soledad  uhttp://biblioteca.usfa.edu.bo/cgi-bin/koha/opac-retrieve-file.pl?id=1a5acc35a15a0f4f3e172492299f2393